书目信息 |
| 题名: |
肥胖病自我调养
|
|
| 作者: | 李刘坤 , 王国华 编著 | |
| 分册: | ||
| 出版信息: | 北京 农村读物出版社 1999 |
|
| 页数: | 194页 | |
| 开本: | 19cm | |
| 丛书名: | 家庭医生 | |
| 单 册: | ||
| 中图分类: | R589.2 | |
| 科图分类: | ||
| 主题词: | 肥胖病--防治 , 肥胖病 | |
| 电子资源: | ||
| ISBN: | 7-5048-2933-1 | |
| 000 | 00855oam2 2200277 45 | |
| 001 | 01200620016 | |
| 005 | 20070110171310.40 | |
| 010 | @a7-5048-2933-1@dCNY8.60 | |
| 092 | @aCN@b501501 | |
| 100 | @a20060809d1999 em y0chiy0120 ea | |
| 101 | 0 | @achi |
| 102 | @aCN@b110000 | |
| 105 | @aa z 000yy | |
| 200 | 1 | @a肥胖病自我调养@Afei pang bing zi wo diao yang@f李刘坤,王国华编著@Fli liu kun, wang guo hua bian zhu |
| 210 | @a北京@c农村读物出版社@d1999 | |
| 215 | @a194页@c图@d19cm | |
| 225 | 2 | @a家庭医生 |
| 330 | @a本书对肥胖病症的发病机理、临床表现、常见并发症、检查与诊断方法等作了简要阐述。 | |
| 461 | 0 | @12001 @a家庭医生 |
| 606 | 0 | @a肥胖病@x防治 |
| 606 | 0 | @a肥胖病 |
| 690 | @aR589.2@v4 | |
| 701 | 0 | @a李刘坤@Ali liu kun@4编著 |
| 701 | 0 | @a王国华@Awang guo hua@4编著 |
| 801 | 0 | @aCN@bLZJBOOK@c20070110 |
| 905 | @a10447@dR589.2@e93 | |
| 肥胖病自我调养/李刘坤,王国华编著.-北京:农村读物出版社,1999 |
| 194页:图;19cm.-(家庭医生) |
| ISBN 7-5048-2933-1:CNY8.60 |
| 本书对肥胖病症的发病机理、临床表现、常见并发症、检查与诊断方法等作了简要阐述。 |
| ● |
| 相关链接 |
|
|
|
|
正题名:肥胖病自我调养
索取号:R589.2/93
 
预约/预借
| 序号 | 登录号 | 条形码 | 馆藏地/架位号 | 状态 | 备注 |
| 1 | 0556689 | 205566895 | 第二样本阅览室/ [索取号:R589.2/93] | 在馆 | |
| 2 | 0556690 | 205566902 | 第三借阅区/ [索取号:R589.2/93] | 在馆 | |
| 3 | 0556691 | 205566911 | 第三借阅区/ [索取号:R589.2/93] | 在馆 | |
| 4 | 0556692 | 205566920 | 第三借阅区/ [索取号:R589.2/93] | 在馆 |